[Event "11e Open International de La Fere"]
[Site "La Fere (FRA)"]
[Date "2012.07.10"]
[Round "5.29"]
[White "Torck, Antoine"]
[Black "Casier, Fabrice"]
[Result "0-1"]
[WhiteElo "1380"]
[BlackElo "1769"]
[PlyCount "52"]
[EventDate "2012.??.??"]

1. e4 d5 2. exd5 Qxd5 3. Nc3 Qa5 4. d3 c6 5. Nf3 Bg4 6. Be2 Nf6 7. O-O e6 8.
Bd2 Nbd7 9. Ne4 Qc7 10. Nxf6+ Nxf6 11. c3 Bd6 12. g3 h5 13. Nd4 Bxe2 14. Nxe2
h4 15. Bf4 O-O-O 16. Qa4 hxg3 17. fxg3 Qb6+ 18. Kg2 Qxb2 19. Rfe1 Bxf4 20. Qxf4
Rxd3 21. Rab1 Qxa2 22. Qb4 Qd5+ 23. Kg1 c5 24. Qb5 c4 25. Qa4 Qc5+ 26. Kf1 Ng4
0-1

[Event "11e Open International de La Fere"]
[Site "La Fere (FRA)"]
[Date "2012.07.10"]
[Round "5.30"]
[White "Marlein, Jacques"]
[Black "Galoppa, Ludovic"]
[Result "1/2-1/2"]
[WhiteElo "1620"]
[BlackElo "1799"]
[PlyCount "126"]
[EventDate "2012.??.??"]

1. e4 c5 2. Nf3 e6 3. d4 cxd4 4. Nxd4 a6 5. Bd3 Qc7 6. O-O Nc6 7. Nxc6 dxc6 8.
Be3 Nf6 9. Nd2 e5 10. Qf3 b5 11. a4 Bd7 12. axb5 cxb5 13. c4 b4 14. c5 a5 15.
Rfc1 Be7 16. c6 Be6 17. Nc4 Bxc4 18. Bxc4 O-O 19. g4 Kh8 20. g5 Ne8 21. Qd1 Nd6
22. Bd5 f5 23. g6 f4 24. Qh5 h6 25. Bc5 Ne8 26. Bf7 Bd6 27. Qd1 Bxc5 28. Rxc5
Nd6 29. Qd5 Nxf7 30. gxf7 Rxf7 31. Raxa5 Rd8 32. Qxe5 f3 33. Ra1 Qxe5 34. Rxe5
Rc7 35. Rc5 Rd6 36. Rac1 Rd2 37. h3 Rxb2 38. e5 Re2 39. Rb1 Re4 40. Kh2 g5 41.
Kg3 Kg7 42. Kxf3 Rf4+ 43. Kg3 Kf7 44. Rb3 Rd4 45. Rf3+ Ke7 46. Rf6 h5 47. Rh6
h4+ 48. Kg2 Rf4 49. Rd6 b3 50. Rb5 Rc4 51. Rxb3 R4xc6 52. Rxc6 Rxc6 53. Re3 Ke6
54. Kf3 Kf5 55. e6 Rxe6 56. Rxe6 Kxe6 57. Kg4 Kf6 58. f4 gxf4 59. Kxf4 Kg6 60.
Kg4 Kh6 61. Kxh4 Kg6 62. Kg4 Kh6 63. h4 Kg6 1/2-1/2

[Event "11e Open International de La Fere"]
[Site "La Fere (FRA)"]
[Date "2012.07.10"]
[Round "5.31"]
[White "Wolfangel, Claude"]
[Black "Fauchart, Francois"]
[Result "1-0"]
[WhiteElo "1784"]
[BlackElo "1639"]
[PlyCount "61"]
[EventDate "2012.??.??"]

1. d4 Nf6 2. Nf3 e6 3. c4 Bb4+ 4. Bd2 Bxd2+ 5. Qxd2 d6 6. Nc3 O-O 7. e4 c6 8.
Bd3 Na6 9. Rc1 Nb4 10. Bb1 Re8 11. a3 Na6 12. O-O Nd7 13. b4 Nc7 14. e5 d5 15.
Qf4 h6 16. g4 g5 17. Qd2 dxc4 18. Ne4 f5 19. gxf5 Nb5 20. f6 Nb6 21. Nexg5 Nxd4
22. f7+ Kg7 23. fxe8=N+ Qxe8 24. Nxd4 c5 25. Qf4 Nd5 26. Qe4 hxg5 27. Qh7+ Kf8
28. Bg6 Qd7 29. Qh8+ Ke7 30. bxc5 Qd8 31. Qg7# 1-0

[Event "11e Open International de La Fere"]
[Site "La Fere (FRA)"]
[Date "2012.07.10"]
[Round "5.32"]
[White "Tenot, Fabrice"]
[Black "Vekemans, Paul"]
[Result "1/2-1/2"]
[WhiteElo "1620"]
[BlackElo "1781"]
[PlyCount "51"]
[EventDate "2012.??.??"]

1. c4 e5 2. Nc3 Nf6 3. g3 d5 4. cxd5 Nxd5 5. Bg2 Nb6 6. Nf3 Bd6 7. O-O O-O 8.
d3 Re8 9. Ng5 h6 10. Nge4 Nc6 11. Bd2 Be6 12. Qc1 Bf8 13. Be3 Nd5 14. Nc5 Bxc5
15. Bxc5 Nxc3 16. Qxc3 Bd5 17. e3 Bxg2 18. Kxg2 Qd5+ 19. f3 Re6 20. Qc4 Qd7 21.
Rad1 Rae8 22. Qe4 Rg6 23. b3 Qe6 24. Qc4 Qd7 25. Qe4 Qe6 26. Qc4 1/2-1/2

[Event "11e Open International de La Fere"]
[Site "La Fere (FRA)"]
[Date "2012.07.10"]
[Round "5.33"]
[White "Sergent, Gaspard"]
[Black "Teodorczyk, Ludovic"]
[Result "1/2-1/2"]
[WhiteElo "1530"]
[BlackElo "1731"]
[PlyCount "52"]
[EventDate "2012.??.??"]

1. d4 d5 2. c4 c6 3. Nf3 Nf6 4. Nc3 a6 5. a4 e6 6. Bg5 Bb4 7. e3 h6 8. Bh4 g5
9. Bg3 Ne4 10. Qb3 Qb6 11. a5 Bxc3+ 12. Qxc3 Qd8 13. Qa3 f6 14. Bd3 Kf7 15.
Bxe4 dxe4 16. Nd2 f5 17. Be5 Rh7 18. O-O b5 19. f3 exf3 20. Rxf3 Kg6 21. e4 g4
22. Rg3 h5 23. Qd6 Qxd6 24. Bxd6 Nd7 25. h4 Nf6 26. e5 Rd7 1/2-1/2

[Event "11e Open International de La Fere"]
[Site "La Fere (FRA)"]
[Date "2012.07.10"]
[Round "5.34"]
[White "Alloui-Cros, Alix"]
[Black "Godart, Michel"]
[Result "1-0"]
[WhiteElo "1540"]
[BlackElo "1729"]
[PlyCount "49"]
[EventDate "2012.??.??"]

1. e4 d5 2. exd5 Qxd5 3. Nc3 Qd6 4. d4 Nf6 5. Nf3 c6 6. Bc4 Bg4 7. Be3 e6 8.
O-O Be7 9. Qe2 Nbd7 10. Rad1 Nb6 11. Bb3 Qc7 12. h3 h5 13. hxg4 hxg4 14. Ne5
Bd6 15. g3 O-O-O 16. Kg2 c5 17. Nxf7 Qc6+ 18. f3 Rh3 19. Nxd6+ Qxd6 20. Bf4
Qxf4 21. gxf4 Rdh8 22. Qxe6+ Nbd7 23. Rh1 gxf3+ 24. Kf2 Rxh1 25. Rxh1 1-0

[Event "11e Open International de La Fere"]
[Site "La Fere (FRA)"]
[Date "2012.07.10"]
[Round "5.35"]
[White "Verhaeghe, Koen"]
[Black "Calonne, Pascal"]
[Result "0-1"]
[WhiteElo "1698"]
[BlackElo "1558"]
[PlyCount "143"]
[EventDate "2012.??.??"]

1. e4 c5 2. d4 cxd4 3. c3 e6 4. Nf3 Nc6 5. cxd4 d5 6. e5 Bd7 7. Bd3 Nge7 8. Bd2
a6 9. Nc3 b5 10. a3 Bc8 11. O-O Nf5 12. Bg5 Be7 13. Bxe7 Nfxe7 14. b4 Nf5 15.
Ne2 h5 16. Qd2 h4 17. h3 Rh5 18. Rac1 Bb7 19. Nf4 Rh8 20. Ne2 Nce7 21. Qg5 g6
22. Bxf5 Nxf5 23. Qxd8+ Rxd8 24. Rc7 Rd7 25. Rfc1 Ke7 26. Rxd7+ Kxd7 27. Ng5
Nh6 28. Nf3 Nf5 29. Ng5 Nh6 30. Nf3 Nf5 31. Nd2 g5 32. Nb3 Bc8 33. Kh2 Rg8 34.
g4 hxg3+ 35. Nxg3 Nxg3 36. fxg3 Rg6 37. Rf1 Ke7 38. g4 f6 39. Kg3 f5 40. gxf5
exf5 41. Nc5 Rh6 42. Kg2 Rh4 43. Rd1 g4 44. hxg4 Rxg4+ 45. Kf3 Rh4 46. Kg3 Rg4+
47. Kf3 Rh4 48. Rd3 Rh3+ 49. Ke2 Rh5 50. Kf3 Rh4 51. Nb3 Rh3+ 52. Ke2 Rh2+ 53.
Ke3 Rh3+ 54. Kd2 Rh2+ 55. Kc3 Rf2 56. Nd2 f4 57. Rf3 Rxf3+ 58. Nxf3 Bg4 59. Nh2
Bh5 60. Kd2 Ke6 61. Kd3 Kf5 62. Nf1 Kg5 63. Nd2 Kh4 64. Nf1 Kh3 65. e6 Kg2 66.
Nd2 Kf2 67. e7 Bg6+ 68. Kc3 Ke2 69. Nb3 f3 70. Nc1+ Ke3 71. Nd3 f2 72. Nxf2 0-1

[Event "11e Open International de La Fere"]
[Site "La Fere (FRA)"]
[Date "2012.07.10"]
[Round "5.36"]
[White "Rodrigues, Michel"]
[Black "Delias, Alexis"]
[Result "1-0"]
[WhiteElo "1697"]
[BlackElo "1499"]
[PlyCount "97"]
[EventDate "2012.??.??"]

1. e3 d5 2. d4 c5 3. Nf3 Bg4 4. h3 Bf5 5. dxc5 e6 6. b4 a5 7. Bb5+ Nc6 8. c3 g6
9. Qd4 Nf6 10. Ne5 Rc8 11. Nd2 Bg7 12. f4 O-O 13. Bxc6 bxc6 14. O-O Nd7 15.
Ndf3 Be4 16. Qd2 Bxf3 17. Nxf3 axb4 18. Bb2 bxc3 19. Bxc3 Nxc5 20. Bxg7 Ne4 21.
Qd4 c5 22. Qe5 f6 23. Qxe6+ Kxg7 24. Rfd1 Nc3 25. Rd3 Re8 26. Qa6 Ra8 27. Qb7+
Re7 28. Qb2 Ne4 29. Ng5 c4 30. Nxe4 Rxe4 31. Rc3 Rb8 32. Qc1 Qb6 33. Kh1 Rbe8
34. Rb1 Qc5 35. Rbb3 Qc7 36. Ra3 Qb6 37. Kh2 Qd6 38. g3 d4 39. Rxc4 dxe3 40.
Rxe4 Rxe4 41. Rxe3 Rd4 42. Re2 Rd1 43. Qc2 Qd5 44. Rg2 Qf3 45. Qe2 Qd5 46. Qe7+
Kh6 47. Qf8+ Kh5 48. g4+ Kh4 49. Qh6+ 1-0

[Event "11e Open International de La Fere"]
[Site "La Fere (FRA)"]
[Date "2012.07.10"]
[Round "5.37"]
[White "Caloone, Jules"]
[Black "Chevance, Gerard"]
[Result "0-1"]
[WhiteElo "1440"]
[BlackElo "1684"]
[PlyCount "78"]
[EventDate "2012.??.??"]

1. e4 c6 2. d4 d5 3. e5 Bf5 4. Nf3 e6 5. Nc3 Nd7 6. Bd3 Bxd3 7. Qxd3 c5 8. Be3
a6 9. O-O cxd4 10. Bxd4 Ne7 11. Rad1 Nc6 12. Be3 Ndxe5 13. Nxe5 Nxe5 14. Qd4
Nc6 15. Qg4 h5 16. Qf3 Ne5 17. Qe2 Ng4 18. h3 Nf6 19. Bg5 Be7 20. Bxf6 gxf6 21.
Rfe1 Kf8 22. Rd3 Bb4 23. Qd2 Rc8 24. a3 Ba5 25. b4 Bc7 26. Ree3 Qd6 27. g3 h4
28. Kh2 hxg3+ 29. fxg3 Bb6 30. Ne4 Qe7 31. Nc5 Bxc5 32. bxc5 Rxc5 33. Rc3 b5
34. Rxc5 Qxc5 35. Rc3 Qe7 36. Qe2 Qd7 37. Qf3 Ke7 38. Qf4 e5 39. Qf2 Qxh3+ 0-1

[Event "11e Open International de La Fere"]
[Site "La Fere (FRA)"]
[Date "2012.07.10"]
[Round "5.38"]
[White "Herman, Jose"]
[Black "Baillie, Andre"]
[Result "0-1"]
[WhiteElo "1641"]
[BlackElo "1418"]
[PlyCount "126"]
[EventDate "2012.??.??"]

1. d4 Nf6 2. c4 c5 3. Nf3 d5 4. cxd5 cxd4 5. Qxd4 e6 6. dxe6 Bxe6 7. Qxd8+ Kxd8
8. Bg5 Be7 9. Nc3 a6 10. g3 Nc6 11. Bg2 Kc7 12. O-O Rhd8 13. Rfd1 Rd7 14. Rxd7+
Kxd7 15. Rd1+ Ke8 16. Nd4 Nxd4 17. Rxd4 Ra7 18. e4 Bc5 19. Bxf6 gxf6 20. Rd1
Be7 21. Nd5 Bxd5 22. exd5 Bd6 23. Rc1 Ra8 24. Bh3 Rd8 25. Rc4 a5 26. a4 Rb8 27.
Bf1 Rc8 28. Kg2 Rxc4 29. Bxc4 Ke7 30. Kf3 Kf8 31. Ke4 Kg7 32. Kf5 h6 33. Be2
Be7 34. Ke4 Bd6 35. h4 Bc5 36. f4 Bd6 37. Kd4 f5 38. Kc4 Bb4 39. h5 Kf6 40. Kd4
Bd6 41. b3 Bb4 42. Ke3 Bc5+ 43. Kf3 Bd6 44. Bd3 Bc5 45. g4 fxg4+ 46. Kxg4 Bd6
47. Kf3 Bc5 48. Ke4 Bd6 49. Bb5 Bc5 50. Be2 Bd6 51. f5 Ke7 52. Bb5 f6 53. Kd4
Kd8 54. Bd3 Kc7 55. Kc4 Kb6 56. Kd4 Bc5+ 57. Ke4 Kc7 58. Bb5 Kd6 59. Be8 Kc7
60. Kd3 Kd6 61. Kc4 Ba3 62. Kb5 Kxd5 63. Kxa5 Kc5 0-1

[Event "11e Open International de La Fere"]
[Site "La Fere (FRA)"]
[Date "2012.07.10"]
[Round "5.39"]
[White "Cretin, Stephane"]
[Black "Sergent, Paul"]
[Result "1-0"]
[WhiteElo "1640"]
[BlackElo "1430"]
[PlyCount "43"]
[EventDate "2012.??.??"]

1. e4 e5 2. Nf3 Nc6 3. Bc4 Nf6 4. Ng5 d5 5. exd5 Nxd5 6. d4 exd4 7. Nxf7 Bb4+
8. c3 dxc3 9. O-O Qe7 10. Bxd5 cxb2 11. Bxb2 Rf8 12. Bxc6+ bxc6 13. Ne5 Ba6 14.
Qc2 Bc5 15. Nd3 Bxd3 16. Qxd3 Rxf2 17. Kh1 Rxb2 18. Nc3 Qd6 19. Qxh7 O-O-O 20.
Ne4 Qd4 21. Qf5+ Rd7 22. Nxc5 1-0

[Event "11e Open International de La Fere"]
[Site "La Fere (FRA)"]
[Date "2012.07.10"]
[Round "5.40"]
[White "Perrin, Yves"]
[Black "Huyet, Yannick"]
[Result "1-0"]
[WhiteElo "1890"]
[BlackElo "1569"]
[PlyCount "65"]
[EventDate "2012.??.??"]

1. e4 e5 2. Nf3 Nc6 3. Bc4 Bc5 4. d3 h6 5. c3 Nf6 6. b4 Bb6 7. b5 Na5 8. Nxe5
Nxc4 9. Nxc4 d6 10. Nxb6 axb6 11. Bb2 Be6 12. a4 Nd7 13. d4 Qg5 14. O-O O-O 15.
Kh1 f5 16. f4 Qg6 17. e5 Bd5 18. Rf2 dxe5 19. fxe5 f4 20. Nd2 Rf5 21. c4 Bf7
22. Nf3 Qh5 23. Qc2 Bg6 24. Qd2 Rd8 25. Qe2 Re8 26. c5 Bf7 27. c6 bxc6 28. bxc6
Nb8 29. Qe4 Na6 30. Bc3 g5 31. Qxf5 Be6 32. Qf6 g4 33. Nh4 1-0

[Event "11e Open International de La Fere"]
[Site "La Fere (FRA)"]
[Date "2012.07.10"]
[Round "5.41"]
[White "Duquenne, Eddy"]
[Black "Menjour, Mohamed"]
[Result "0-1"]
[WhiteElo "1520"]
[BlackElo "1770"]
[PlyCount "72"]
[EventDate "2012.??.??"]

1. e4 e5 2. f4 Qh4+ 3. g3 Qe7 4. d3 exf4 5. Bxf4 Qb4+ 6. Nd2 Qxb2 7. Ngf3 d6 8.
Bg2 Nc6 9. O-O g6 10. Nc4 Qb5 11. Re1 Bg7 12. Rb1 Qa6 13. Nxd6+ cxd6 14. Bxd6
Nge7 15. e5 O-O 16. Ng5 h6 17. Bxc6 Qxc6 18. Bxe7 Re8 19. Bf6 hxg5 20. Rf1 b6
21. Qf3 Bb7 22. Qxc6 Bxc6 23. Rbe1 Bxf6 24. exf6 Rxe1 25. Rxe1 Re8 26. Rxe8+
Bxe8 27. Kf2 g4 28. Ke3 Kf8 29. Kf4 Bd7 30. Ke5 Ke8 31. c3 Be6 32. a3 Kd7 33.
Kd4 Bf5 34. Ke5 Bxd3 35. Kd5 Bc2 36. Ke5 Kc6 0-1

[Event "11e Open International de La Fere"]
[Site "La Fere (FRA)"]
[Date "2012.07.10"]
[Round "5.42"]
[White "Biniaux, Michael"]
[Black "Boulnois, Boris"]
[Result "1-0"]
[WhiteElo "1724"]
[BlackElo "1540"]
[PlyCount "51"]
[EventDate "2012.??.??"]

1. d4 d5 2. c4 Nf6 3. Nc3 e6 4. Nf3 c5 5. Bg5 Nbd7 6. cxd5 exd5 7. Qa4 cxd4 8.
Nxd5 Be7 9. Nxe7 Qxe7 10. Qxd4 O-O 11. e3 h6 12. Bh4 Qe6 13. Bc4 Qe8 14. O-O b6
15. Bd5 Nxd5 16. Qxd5 Rb8 17. Rfd1 Rb7 18. Rac1 Nc5 19. Qe5 Be6 20. Rd8 Qa4 21.
Rxf8+ Kxf8 22. Qd4 Qxd4 23. Nxd4 Bxa2 24. b4 Ne6 25. Rc8+ Nd8 26. Rxd8# 1-0

[Event "11e Open International de La Fere"]
[Site "La Fere (FRA)"]
[Date "2012.07.10"]
[Round "5.43"]
[White "Tawegoum, Ivan"]
[Black "Dincq, Michel"]
[Result "1-0"]
[WhiteElo "1721"]
[BlackElo "1512"]
[PlyCount "123"]
[EventDate "2012.??.??"]

1. e4 c5 2. Nf3 e6 3. c3 a6 4. d4 cxd4 5. cxd4 Be7 6. Nc3 d6 7. Be2 Nf6 8. O-O
O-O 9. h3 b5 10. a3 Bb7 11. Bd3 Nbd7 12. Qc2 Rc8 13. Re1 Nb6 14. e5 dxe5 15.
dxe5 Nfd5 16. Bxh7+ Kh8 17. Be4 Rc7 18. Qd2 Nxc3 19. Bxb7 Qxd2 20. Bxd2 Rxb7
21. Bxc3 Rd8 22. Ba5 Rd5 23. Bxb6 Rxb6 24. Rad1 g6 25. Rxd5 exd5 26. Rd1 Kg7
27. Rxd5 b4 28. axb4 Bxb4 29. Nd2 a5 30. Kf1 Rc6 31. Nb3 a4 32. Rb5 Bf8 33. Nd4
Rc1+ 34. Ke2 Rc5 35. Rxc5 Bxc5 36. Kd3 a3 37. bxa3 Bxa3 38. f4 Be7 39. f5 Bh4
40. fxg6 Kxg6 41. Ke4 Bg3 42. Ne2 Be1 43. g4 Bh4 44. Nd4 Be7 45. Nf3 f6 46. e6
Kg7 47. Kf5 Bf8 48. Nh4 Bb4 49. Ng6 Bc5 50. h4 Bd6 51. h5 Bc5 52. h6+ Kxh6 53.
e7 Bxe7 54. Nxe7 Kg7 55. Nd5 Kh6 56. Kxf6 Kh7 57. g5 Kg8 58. g6 Kh8 59. Ne3 Kg8
60. Ng4 Kh8 61. g7+ Kh7 62. Nh6 1-0

[Event "11e Open International de La Fere"]
[Site "La Fere (FRA)"]
[Date "2012.07.10"]
[Round "5.44"]
[White "Louis, Andre"]
[Black "Lapersonne, Patrick"]
[Result "0-1"]
[WhiteElo "1709"]
[BlackElo "1504"]
[PlyCount "74"]
[EventDate "2012.??.??"]

1. e4 c5 2. Nf3 d6 3. d4 cxd4 4. Nxd4 Nf6 5. Nc3 a6 6. Bg5 e6 7. Be2 Be7 8. O-O
O-O 9. Qd2 Nbd7 10. Bf3 Ne5 11. Be2 b5 12. a3 Bb7 13. f3 d5 14. exd5 Nxd5 15.
Bxe7 Qxe7 16. Ne4 Rac8 17. c3 Nb6 18. b3 Rfd8 19. Qb2 Nd5 20. Rfc1 Nf4 21. Bf1
Nfd3 22. Qe2 Nxc1 23. Rxc1 Qxa3 24. Rb1 Qe7 25. b4 Ng6 26. Nc5 Rxc5 27. bxc5
Qxc5 28. Kh1 Qxc3 29. Nb3 Bd5 30. Qd1 Qf6 31. Qc2 Bc4 32. Bxc4 Rc8 33. Qe4 bxc4
34. Qb7 Qd8 35. Nd4 c3 36. Nc6 c2 37. Rg1 Qc7 0-1

[Event "11e Open International de La Fere"]
[Site "La Fere (FRA)"]
[Date "2012.07.10"]
[Round "5.45"]
[White "Van Poucke, Philippe"]
[Black "Wolfangel, Jocelyne"]
[Result "1-0"]
[WhiteElo "1700"]
[BlackElo "1452"]
[PlyCount "87"]
[EventDate "2012.??.??"]

1. e4 d5 2. e5 c5 3. f4 e6 4. Nc3 Bd7 5. Nf3 Be7 6. a3 f6 7. d4 Nc6 8. Be3 Qc7
9. Bb5 c4 10. O-O Qb6 11. Bxc6 Bxc6 12. Rb1 Qc7 13. Nh4 O-O-O 14. Nf3 Nh6 15.
a4 Nf5 16. Bf2 h6 17. b4 a6 18. b5 Be8 19. bxa6 bxa6 20. g4 Qa5 21. Ne2 Qxa4
22. gxf5 exf5 23. Ng3 Bd7 24. Ra1 Qc6 25. Ra5 Kc7 26. Qa1 Ra8 27. Rb1 Rhb8 28.
Rxb8 Kxb8 29. c3 Bd8 30. Ra2 Kc7 31. Be3 Be7 32. Bc1 Bc8 33. Ba3 Bxa3 34. Rxa3
Qb5 35. Ra5 Qb7 36. Rc5+ Kd8 37. Qa5+ Ke8 38. Rxd5 Be6 39. Rd6 Qb1+ 40. Kf2
Qb2+ 41. Ne2 Bd7 42. e6 Ke7 43. Qc5 Bxe6 44. Rb6+ 1-0

[Event "11e Open International de La Fere"]
[Site "La Fere (FRA)"]
[Date "2012.07.10"]
[Round "5.46"]
[White "Dagnicourt, Francis"]
[Black "Bohr, Frederic"]
[Result "1-0"]
[WhiteElo "1668"]
[BlackElo "1370"]
[PlyCount "79"]
[EventDate "2012.??.??"]

1. d4 Nf6 2. Nf3 g6 3. e3 Bg7 4. Bd3 Nc6 5. Nbd2 d6 6. O-O O-O 7. c3 e5 8. Re1
Re8 9. e4 b6 10. Bb5 Bd7 11. d5 Nb8 12. Bd3 c6 13. c4 Na6 14. a3 Nc5 15. Bc2
cxd5 16. cxd5 Qc8 17. b4 Nb7 18. Bb2 a5 19. Rc1 b5 20. Bd3 Qb8 21. Qe2 Nd8 22.
Bc3 a4 23. Rc2 Nh5 24. g3 Bh6 25. Nb1 f6 26. Bd2 Bxd2 27. Nbxd2 Nf7 28. Rec1
Ng5 29. Nxg5 fxg5 30. Nf3 g4 31. Ng5 Nf6 32. Ne6 Bxe6 33. dxe6 Qb7 34. Bxb5
Rxe6 35. Bc6 Qa6 36. Bxa8 Qxe2 37. Rxe2 Re8 38. Bc6 Rc8 39. Bd5+ Kg7 40. Rxc8
1-0

[Event "11e Open International de La Fere"]
[Site "La Fere (FRA)"]
[Date "2012.07.10"]
[Round "5.47"]
[White "Nal, Patrick"]
[Black "Bourgeois-Copigny, Yann"]
[Result "1-0"]
[WhiteElo "1647"]
[BlackElo "1370"]
[PlyCount "41"]
[EventDate "2012.??.??"]

1. d4 e6 2. c4 d5 3. Nc3 Nf6 4. cxd5 Nxd5 5. Nf3 Bb4 6. Qc2 Nc6 7. e4 Nxc3 8.
bxc3 Nxd4 9. Nxd4 Qxd4 10. Qa4+ Bd7 11. Qxb4 Qf6 12. Be2 Bc6 13. O-O O-O-O 14.
Be3 Qg6 15. f3 a6 16. Rab1 f5 17. Bxa6 fxe4 18. Bxb7+ Bxb7 19. Qxb7+ Kd7 20.
Rbd1+ Ke7 21. Qxc7+ 1-0

[Event "11e Open International de La Fere"]
[Site "La Fere (FRA)"]
[Date "2012.07.10"]
[Round "5.48"]
[White "Bracq, Christian"]
[Black "Rossetti, Pierre-Yves"]
[Result "1-0"]
[WhiteElo "1640"]
[BlackElo "1360"]
[PlyCount "69"]
[EventDate "2012.??.??"]

1. e4 c5 2. Nc3 Nc6 3. f4 d6 4. Nf3 Nf6 5. Bc4 g6 6. O-O Bg7 7. d3 O-O 8. Ne2
Nd7 9. a3 Qb6 10. c3 Qc7 11. Ng3 b6 12. f5 Nce5 13. Ba2 Re8 14. Be3 Ba6 15.
Nxe5 Nxe5 16. Bb1 Bb5 17. Bc2 Qc8 18. c4 Bd7 19. Qd2 Ng4 20. Bd1 Nxe3 21. Kh1
Nxf1 22. Nxf1 gxf5 23. Bf3 fxe4 24. Bxe4 Bc6 25. Re1 Bxe4 26. Rxe4 f5 27. Rh4
Rf8 28. Qg5 Qe6 29. Kg1 Qf6 30. Qg3 Qg6 31. Qf3 Rf6 32. Qxa8+ Rf8 33. Qxa7 Qg5
34. Rh3 Bxb2 35. Rg3 1-0

[Event "11e Open International de La Fere"]
[Site "La Fere (FRA)"]
[Date "2012.07.10"]
[Round "5.49"]
[White "Lalot, Hugues"]
[Black "Drouin, Philippe"]
[Result "1-0"]
[WhiteElo "1612"]
[BlackElo "1303"]
[PlyCount "61"]
[EventDate "2012.??.??"]

1. d4 b6 2. c4 Bb7 3. Nc3 d6 4. e4 Nd7 5. Nf3 e5 6. d5 h6 7. Be3 Ngf6 8. h3 Be7
9. Qd2 a6 10. Nh4 Nxe4 11. Nxe4 Bxh4 12. g3 Be7 13. Be2 Nf6 14. Nxf6+ Bxf6 15.
Bh5 Bg5 16. f4 exf4 17. gxf4 Bh4+ 18. Kd1 g6 19. Qc3 Bf6 20. Bd4 Bxd4 21. Qxd4
f6 22. Bxg6+ Kd7 23. Bf5+ Ke8 24. Re1+ Kf8 25. Re6 Kg7 26. Kc2 Bc8 27. Rg1+ Kf7
28. Bg6+ Kg7 29. Bh5+ Kf8 30. Rxf6+ Qxf6 31. Qxf6# 1-0

[Event "11e Open International de La Fere"]
[Site "La Fere (FRA)"]
[Date "2012.07.10"]
[Round "5.50"]
[White "Chaignet, Lucas"]
[Black "Delias, Gerard"]
[Result "0-1"]
[WhiteElo "1411"]
[BlackElo "1610"]
[PlyCount "58"]
[EventDate "2012.??.??"]

1. e4 c5 2. Nf3 e6 3. d4 cxd4 4. Nxd4 a6 5. Be3 Nf6 6. Nd2 Qc7 7. f4 d6 8. Be2
Be7 9. O-O Nc6 10. c3 O-O 11. f5 Bd7 12. Bg4 Ne5 13. Be2 d5 14. Qb3 b5 15. fxe6
fxe6 16. Qc2 Neg4 17. Bf4 e5 18. Bg3 Ne3 19. Qd3 Nxf1 20. Rxf1 Bd6 21. N4f3 Bc6
22. Ng5 dxe4 23. Ndxe4 Bxe4 24. Nxe4 Nxe4 25. Qxe4 Rxf1+ 26. Bxf1 Rf8 27. Bd3
g6 28. a4 Qf7 29. axb5 Bc5+ 0-1

[Event "11e Open International de La Fere"]
[Site "La Fere (FRA)"]
[Date "2012.07.11"]
[Round "6.1"]
[White "Georgiev, Vladimir"]
[Black "Degraeve, Jean-Marc"]
[Result "1/2-1/2"]
[WhiteElo "2562"]
[BlackElo "2580"]
[PlyCount "52"]
[EventDate "2012.??.??"]

1. d4 d5 2. c4 c6 3. cxd5 cxd5 4. Nc3 Nf6 5. Nf3 Nc6 6. Bf4 Bf5 7. e3 e6 8. Bd3
Bxd3 9. Qxd3 Bd6 10. Bxd6 Qxd6 11. O-O O-O 12. Rac1 Rac8 13. a3 a6 14. Rc2 Rc7
15. Rfc1 Rfc8 16. Ne2 Nd8 17. h3 Rxc2 18. Rxc2 Rxc2 19. Qxc2 Qc6 20. Qxc6 Nxc6
21. Kf1 Kf8 22. Nc3 Ke7 23. Ke2 h6 24. Kd3 Kd6 25. Nd2 Nd7 26. f3 f5 1/2-1/2

[Event "11e Open International de La Fere"]
[Site "La Fere (FRA)"]
[Date "2012.07.11"]
[Round "6.2"]
[White "Rusev, Krasimir"]
[Black "Jerez Perez, Alfonso"]
[Result "1-0"]
[WhiteElo "2540"]
[BlackElo "2407"]
[PlyCount "77"]
[EventDate "2012.??.??"]

1. d4 Nf6 2. c4 g6 3. Nc3 d5 4. Nf3 Bg7 5. Qb3 dxc4 6. Qxc4 O-O 7. e4 a6 8. Be2
b5 9. Qb3 c5 10. dxc5 Bb7 11. e5 Nfd7 12. Be3 Nxe5 13. Nxe5 Bxe5 14. O-O Qc7
15. f4 Bg7 16. a4 bxa4 17. Rxa4 Nd7 18. Nd5 Bxd5 19. Qxd5 Bxb2 20. Bf3 Rab8 21.
Rxa6 Rb4 22. Rd1 Nb8 23. Ra2 Bf6 24. c6 e6 25. Qc5 Rb3 26. Ra7 Qc8 27. Ra3 Rxa3
28. Qxa3 Na6 29. Rd7 Nc7 30. Qa5 Na8 31. g3 Qb8 32. c7 Qb3 33. Kf2 Qc2+ 34. Qd2
Qxd2+ 35. Bxd2 Nb6 36. Rd3 Nc4 37. Bb7 Nb6 38. Ba5 Nc4 39. Bb4 1-0

[Event "11e Open International de La Fere"]
[Site "La Fere (FRA)"]
[Date "2012.07.11"]
[Round "6.3"]
[White "Godart, Francois"]
[Black "Gomes, Alexis"]
[Result "1-0"]
[WhiteElo "2317"]
[BlackElo "1607"]
[PlyCount "58"]
[EventDate "2012.??.??"]

1. Nc3 d5 2. d4 Nf6 3. Bg5 e6 4. e4 dxe4 5. Nxe4 Be7 6. Bxf6 Bxf6 7. Nf3 O-O 8.
Bd3 Bxd4 9. c3 Bf6 10. Qe2 Nd7 11. O-O-O c6 12. h4 g6 13. h5 Kg7 14. Bc2 a5 15.
Qe3 Rh8 16. Qf4 h6 17. hxg6 fxg6 18. Qg3 Qe7 19. Nd6 Nf8 20. Ne5 Bxe5 21. Qxe5+
Kg8 22. Ne4 Nd7 23. Qc7 Rh7 24. Rh3 h5 25. Rhd3 Nf8 26. Qxe7 Rxe7 27. Rd8 b6
28. Nd6 Rc7 29. Bb3 Kg7 1-0

[Event "11e Open International de La Fere"]
[Site "La Fere (FRA)"]
[Date "2012.07.11"]
[Round "6.4"]
[White "Feryn, Benjamin"]
[Black "Mancini, Mario"]
[Result "0-1"]
[WhiteElo "2112"]
[BlackElo "2282"]
[PlyCount "156"]
[EventDate "2012.??.??"]

1. e4 c5 2. Nf3 e6 3. d4 cxd4 4. Nxd4 a6 5. Bd3 Qc7 6. O-O Nf6 7. c4 d6 8. Nc3
Nbd7 9. f4 Be7 10. Qe2 O-O 11. Bd2 Re8 12. Rae1 g6 13. Kh1 Nc5 14. Bb1 Bd7 15.
e5 Nh5 16. Rf3 Ng7 17. Qf2 Bc6 18. Nxc6 bxc6 19. Ne4 Nxe4 20. Bxe4 d5 21. Bd3
a5 22. Be3 Reb8 23. Rc1 Qb7 24. cxd5 cxd5 25. Rc2 Rc8 26. b3 Rxc2 27. Qxc2 Rc8
28. Qe2 Qb4 29. Rf1 Nh5 30. Qd2 Ng7 31. Rc1 Rxc1+ 32. Qxc1 Nf5 33. Bxf5 gxf5
34. Qd2 Qe4 35. h3 Bb4 36. Qf2 h6 37. Kh2 Bc3 38. Bd2 Bxd2 39. Qxd2 d4 40. Kg3
h5 41. a3 d3 42. b4 axb4 43. axb4 Qd5 44. Kf2 Kf8 45. Ke3 Qe4+ 46. Kf2 Ke7 47.
g3 Qd4+ 48. Kf1 Kd7 49. Kg2 Kc6 50. Kf3 Kb5 51. Kg2 Kc4 52. Kf3 Kb3 53. b5 Kc4
54. Qa2+ Kxb5 55. Qb1+ Ka4 56. Qa2+ Kb4 57. Qb1+ Ka3 58. Qc1+ Qb2 59. Qc5+ Qb4
60. Qc1+ Ka2 61. Ke3 Qe4+ 62. Kd2 Qg2+ 63. Kxd3 Qxg3+ 64. Kc2 Qb3+ 65. Kd2 Qd5+
66. Ke3 Qb3+ 67. Kd2 Qb4+ 68. Ke2 h4 69. Qe3 Qc4+ 70. Kd2 Qd5+ 71. Kc2 Qg2+ 72.
Kc1 Qb2+ 73. Kd1 Qb3+ 74. Kd2 Qxe3+ 75. Kxe3 Ka3 76. Kd4 Kb4 77. Kd3 Kb3 78.
Kd4 Kc2 0-1

[Event "11e Open International de La Fere"]
[Site "La Fere (FRA)"]
[Date "2012.07.11"]
[Round "6.6"]
[White "Barbaut, Michel"]
[Black "Feryn, Alexandre"]
[Result "0-1"]
[WhiteElo "2032"]
[BlackElo "2114"]
[PlyCount "52"]
[EventDate "2012.??.??"]

1. e4 c5 2. d4 cxd4 3. c3 Nf6 4. e5 Nd5 5. Bc4 Nb6 6. Bb3 e6 7. Nf3 d6 8. O-O
Nc6 9. cxd4 dxe5 10. dxe5 Qxd1 11. Rxd1 Nd7 12. Nc3 a6 13. Bf4 h6 14. Ne4 g5
15. Bg3 g4 16. Nd4 Ncxe5 17. Bxe6 fxe6 18. Nxe6 Kf7 19. Nc7 Ra7 20. Rd5 Nc6 21.
Rad1 Nf6 22. Nxf6 Kxf6 23. Bh4+ Kf7 24. f3 b6 25. Bg3 Bc5+ 26. Kh1 Ne7 0-1

[Event "11e Open International de La Fere"]
[Site "La Fere (FRA)"]
[Date "2012.07.11"]
[Round "6.7"]
[White "Thomas, Olivier"]
[Black "Derigny, Philippe"]
[Result "1-0"]
[WhiteElo "1998"]
[BlackElo "1977"]
[PlyCount "53"]
[EventDate "2012.??.??"]

1. e4 d6 2. Bc4 Nf6 3. d3 Nbd7 4. f4 e5 5. Nf3 Be7 6. Nc3 O-O 7. O-O c6 8. a4
Qc7 9. Kh1 Nb6 10. Bb3 Bg4 11. h3 Bxf3 12. Qxf3 Nbd7 13. f5 Nc5 14. Ba2 Nfd7
15. g4 Qd8 16. Rg1 Bg5 17. Bxg5 Qxg5 18. Qf2 Kh8 19. Raf1 a5 20. Qg3 Nb6 21. f6
gxf6 22. Rf5 Qg6 23. Qh4 Nbd7 24. g5 Rg8 25. Rg4 h6 26. gxf6 Qh7 27. Rh5 1-0